Capitães das seleções da copa do mundo 2022 - Statistics

Estatísticas Gerais
  • Esse quiz foi jogado 187 vezes
    137 desde o último reset
  • A pontuação média é 12 de 32
Estatísticas das Respostas
Seleção Jogador % Correto
Argentina Lionel Messi
95%
Alemanha Manuel Neuer
85%
Brasil Thiago Silva
85%
Croácia Luka Modric
83%
Coreia do Sul Son Heung-Min
73%
Portugal Cristiano Ronaldo
72%
Inglaterra Harry Kane
69%
França Hugo Lloris
67%
País de Gales Gareth Bale
63%
Costa Rica Keylor Navas
59%
Polônia Robert Lewandowski
59%
Equador Enner Valencia
57%
Holanda Virgil Van Dijk
55%
Bélgica Eden Hazard
50%
Espanha Sérgio Busquets
45%
Camarões Vincent Aboubakar
43%
Senegal Kalidou Koulibaly
29%
Uruguai Diego Godín
23%
Gana André Ayew
22%
Suíça Granit Xhaka
22%
Austrália Mathew Ryan
17%
México Andrés Guardado
16%
Dinamarca Simon Kjaer
15%
Sérvia Dusan Tadic
12%
Japão Maya Yoshida
9%
Estados Unidos Tyler Adams
8%
Marrocos Roman Saïss
7%
Canadá Atiba Hutchinson
6%
Arábia Saudita Salman Al-Faraj
2%
Irã Ehsan Hajsafi
0%
Catar Hassam Al-Haydos
0%
Tunísia Youssef Msakni
0%
Nenhum quiz correspondente encontrado
Distribuição das Pontuações
Porcentagem de Pessoas com Cada Pontuação
Percentil de Números Respondidos
Sua Pontuação Histórica
Você não jogou esse quiz desde o último reset